Upside Down Flags #8 - Statistics

General Stats
  • This quiz has been taken 45 times
  • The average score is 18 of 20
Answer Stats
Picture Answer % Correct
Spain
100%
Germany
97%
Cyprus
95%
Egypt
95%
Uganda
95%
Uruguay
95%
Vietnam
95%
Honduras
92%
Tunisia
92%
Afghanistan
90%
Belize
90%
Brunei
90%
Cameroon
90%
Latvia
90%
Guyana
87%
Saint Vincent and the Grenadines
87%
Tajikistan
85%
Sao Tome and Principe
82%
Sierra Leone
82%
Guinea-Bissau
79%
No matching quizzes found
Score Distribution
Percent of People with Each Score
Percentile by Number Answered
Your Score History
You have not taken this quiz